LEADER 04859oam 2200517 c 450 001 9910960019903321 005 20260408080230.0 010 $a9783838270067 010 $a3838270061 024 3 $a9783838270067 035 $a(CKB)4100000008699994 035 $a(MiAaPQ)EBC5782757 035 $a(Perlego)4715776 035 $a(ibidem)9783838270067 035 $a(EXLCZ)994100000008699994 100 $a20260408d2016 uy 0 101 0 $ager 135 $aurcnu|||||||| 181 $ctxt$2rdacontent 182 $cc$2rdamedia 183 $acr$2rdacarrier 200 10$aHannover 96: Chronik eines Abstiegs $eWie der 'Unternehmerklub' strategisch scheiterte - und wie der sportliche und wirtschaftliche Aufschwung gelingen könnte /$fJürgen Blut, Mirco Blut 205 $a1st ed. 210 $aHannover$cibidem$d2016 215 $a1 online resource (177 pages) 327 $aIntro -- Inhaltsverzeichnis -- Vorwort -- Einleitung -- KAPITEL 1 - DIE FAKTEN -- 2002-2009 - Die Lernjahre und Le(e)hrjahre -- Die sportliche Ausbeute -- Die ökonomische Ausbeute -- Die Herrenjahre in der Bundesliga -- Zeitenwandel: Erfolg und Irrtum -- Die deterministische Prozesskette eines Abstiegs -- Krisen erkennen -- Kennzahlen - Transferbilanz -- Das Unternehmen Hannover 96 -- Unternehmen -- Unternehmer -- Kontrolle -- Die Marke -- Reputation -- Die Wahrnehmung: Hannover als graue Maus -- Guter Ruf fängt klein an -- Reputation als Arbeitgebermarke -- Das Personalkarussell -- Die Protagonisten während der Lern- und Lehrjahre -- Eine Fehlinterpretation: Ricardo Moar, Juli 2002-Juli 2004 -- Eine Fehlentwicklung: Ilja Kaenzig, Juli 2004-November 2006 -- Eine Fehlbesetzung: Christan Hochstätter, Januar 2007-Januar 2009 -- Das öffentliche Umfeld -- Die Medien: Der Madsack-Verlag als (ehemaliger) Gesellschafter -- KAPITEL 2 - DIE ANALYSEN -- Planlos geplant -- Der geplante Fußball -- Masterplan -- Forschung + Entwicklung (FuE) - Potenzial und Ausbildungsinnovation -- Produkt - Marketing - Geschäftsprozesse -- Produktvermarktung -- Marketing - Geschäftsprozesse -- Diversifikation -- Stabilität -- Auslandsvermarktung - Internationalisierung -- Risikominimierung -- Die Entscheidungsträger -- Der Präsident - Martin Kind -- Sportgeschäftsführer - Sportdirektoren - Trainer -- Die Ära Schmadtke -- Das Missverständnis Dufner -- Vorwärts in die Vergangenheit mit Bader -- Trainer - immer die richtige Wahl? -- Gut beraten mit Berater -- KAPITEL 3 - DAS FAZIT -- Die Statistik der 5. Bundesligaperiode -- Der Abschied -- Der Weg - das Ziel - die Zukunft -- Der Weg -- Das Ziel -- Die Zukunft -- Netzwerke -- View Into The Future -- Die Problemfelder -- Image -- Markenführung - Co-Branding - Testimonial -- Führungsstruktur - Personalien. 327 $aNachwuchsausbildung - NLZ -- Fankultur - Tradition + Kommerz -- Die strategischen Möglichkeiten -- In der Öffentlichkeit - Landeshauptstadt Hannover - Presse -- Landeshauptstadt Hannover -- Presse -- Epilog: Eine (hoffentlich) unwahre Geschichte -- Ein Alptraum -"Heuschrecken auf dem Rasen. 330 $aAm 24.04.2016 war er endgültig besiegelt, der fünfte Abstieg von Hannover 96 aus der 1. Bundesliga. Nach 14 Jahren im Oberhaus gehörte Hannover zu den Etablierten der Liga ? und dennoch war der ?BuLixit? keinesfalls überraschend, sondern deutete sich von langer Hand an. Jürgen und Mirko Blut, leidenschaftliche 96-Anhänger, analysieren in ihrem vorliegenden Buch, wie es dazu kommen konnte. Sie decken auf, dass der Abstieg nicht allein die Folge sportlichen Misserfolgs war, sondern die folgerichtige Konsequenz aus wirtschaftlichen und strategischen Fehlentscheidungen. Detailliert und faktenkundig stellen Blut und Blut dar, welche Faktoren den sportlichen Niedergang der Roten begleiteten: Verfehlte Jugendarbeit, ein unattraktives Image von Stadt und Klub, eine negative Transferbilanz sowie das Fehlen einer in die Zukunft gerichteten Strategie für die sportliche und wirtschaftliche Weiterentwicklung. Es ist den Autoren eine Herzensangelegenheit, den Abstiegsprozess nicht nur rückwärtsgerichtet zu begleiten, sondern Wege aufzuzeigen, wie zukünftig die wirtschaftliche und sportliche Stabilität hergestellt werden kann, um ein Comeback der 96er in der deutschen Eliteliga zu ermöglichen ? in der Hoffnung auf bessere Zeiten für Hannover 96. 606 $aFußball 606 $aAbstieg 606 $aHannover 96 606 $aBundesliga 615 4$aFußball 615 4$aAbstieg 615 4$aHannover 96 615 4$aBundesliga 676 $a330 700 $aBlut$b Jürgen$4aut$01688390 702 $aBlut$b Mirco$4aut 801 0$bMiAaPQ 801 1$bMiAaPQ 801 2$bMiAaPQ 906 $aBOOK 912 $a9910960019903321 996 $aHannover 96: Chronik eines Abstiegs$94560027 997 $aUNINA